Ч. 2; Проблемы тепло- и массообмена в современной технологии сжигания и газификации твердого топлива

التفاصيل البيبلوغرافية
Parent link:Проблемы тепло- и массообмена в современной технологии сжигания и газификации твердого топлива: материалы международной школы-семинара, Минск, 27 мая - 3 июня 1988 г./ Академия наук Белорусской ССР (АН БССР), Институт тепло- и массообмена им. А. В. Лыкова (ИТМО). Ч. 2.— , 1988-1989
اللغة:الروسية
منشور في: 1988
الموضوعات:
التنسيق: كتاب
KOHA link:https://koha.lib.tpu.ru/cgi-bin/koha/opac-detail.pl?biblionumber=263978

MARC

LEADER 00000nam2a2200000 4500
001 263978
005 20231101233805.0
020 |a RU  |b 88-42293 
035 |a (RuTPU)RU\TPU\book\286969 
035 |a RU\TPU\book\285384 
090 |a 263978 
100 |a 20140616g1988 k y0rusy5003 ca 
101 0 |a rus 
102 |a BY 
105 |a a z 001zy 
200 0 |a Ч. 2 
210 |d 1988 
215 |a 152 с.  |c ил. 
320 |a Библиография в конце статей 
461 1 |0 (RuTPU)RU\TPU\book\134584  |t Проблемы тепло- и массообмена в современной технологии сжигания и газификации твердого топлива  |o материалы международной школы-семинара, Минск, 27 мая - 3 июня 1988 г.  |f Академия наук Белорусской ССР (АН БССР), Институт тепло- и массообмена им. А. В. Лыкова (ИТМО)  |v Ч. 2  |d 1988-1989 
606 1 |a Топливо твердое  |x Горение  |2 stltpush  |3 (RuTPU)RU\TPU\subj\33021  |9 55379 
610 1 |a сжигание 
610 1 |a массообмен 
610 1 |a газификация 
610 1 |a кипящий слой 
610 1 |a угли 
610 1 |a газообразное топливо 
610 1 |a канско-ачинские угли 
610 1 |a псевдожиженный слой 
610 1 |a материалы конференций 
675 |a 662.661(063)  |v 4 
801 0 |a RU  |b RuMRKP  |c 19950417  |g psbo 
801 1 |a RU  |b 63413507  |c 20140531 
801 2 |a RU  |b 63413507  |c 20170717  |g RCR 
942 |c BK